[Event "Natal Potiguar op 4th"]
[Site "Natal"]
[Date "2009.07.10"]
[Round "2"]
[White "Bonifacio, Lucas Isaac Galdino"]
[Black "Barreto Filho, Carlos Alberto"]
[Result "1/2-1/2"]
[WhiteElo "1866"]
[BlackElo "2257"]
[PlyCount "123"]
[EventDate "2009.07.10"]
[EventType "swiss"]
[EventRounds "6"]
[EventCountry "BRA"]
[SourceTitle "EXT 2012"]
[Source "ChessBase"]
[SourceDate "2011.11.24"]
[SourceVersion "1"]
[SourceVersionDate "2011.11.24"]
[SourceQuality "1"]

1. Nf3 d5 2. d4 Nf6 3. g3 e6 4. Bg2 Be7 5. 0-0 0-0 6. c4 dxc4 7. Ne5 Nc6 8. Nxc6 bxc6 9. Bxc6 Rb8 10. e4 Qd6 11. d5 Nxe4 12. Qd4 exd5 13. Qxd5 Nf6 14. Qg2 Bh3 15. Qxh3 Qxc6 16. Nc3 Rfd8 17. Be3 Rxb2 18. Bxa7 Qa8 19. Be3 Bb4 20. Nb5 Rxa2 21. Nxc7 Qa4 22. Rxa2 Qxa2 23. Nb5 Qa6 24. Nd4 Qc8 25. Qg2 Nd5 26. Bc1 Bc5 27. Ne2 Qg4 28. Nf4 Nxf4 29. Bxf4 h6 30. Qc6 Qc8 31. Qa4 Bd4 32. Qc2 Qc5 33. Bc1 Qd5 34. Qe2 Bf6 35. Qg4 Qd4 36. Qf3 c3 37. Be3 Qd3 38. Rc1 Bg5 39. h4 Bxe3 40. Qxe3 Qxe3 41. fxe3 Rd3 42. Kf2 h5 43. Rc2 Kh7 44. Ke2 Rd2+ 45. Rxd2 cxd2 46. Kxd2 Kg6 47. e4 Kf6 48. Ke2 Ke5 49. Kd3 f6 50. Ke3 g6 51. Kd3 Ke6 52. Kd2 Kd6 53. Kd3 Kc5 54. Kc3 Kd6 55. Kd4 Ke6 56. Kd3 Ke5 57. Ke3 g5 58. hxg5 fxg5 59. Kd3 Ke6 60. Kd4 Kf6 61. Kd3 Ke6 62. Ke3 1/2-1/2

[Event "Natal op"]
[Site "Natal"]
[Date "2009.05.03"]
[Round "5.8"]
[White "Bonifacio, Lucas Isaac Galdino"]
[Black "Braga, Jose Pereira"]
[Result "1/2-1/2"]
[WhiteElo "1851"]
[BlackElo "2017"]
[PlyCount "127"]
[EventDate "2009.05.01"]
[EventType "swiss"]
[EventRounds "6"]
[EventCountry "BRA"]
[SourceTitle "EXT 2022"]
[Source "ChessBase"]
[SourceDate "2021.10.06"]
[SourceVersion "1"]
[SourceVersionDate "2021.10.06"]
[SourceQuality "1"]

1. Nf3 d5 2. d4 Nf6 3. c4 e6 4. Nc3 dxc4 5. e4 c5 6. Bxc4 cxd4 7. Nxd4 Be7 8. 0-0 0-0 9. Ndb5 Na6 10. e5 Nd7 11. Re1 Nb6 12. Bd3 g6 13. Bh6 Re8 14. Qf3 Nc7 15. Rad1 Ncd5 16. Bb1 a6 17. Nd6 Bxd6 18. exd6 Bd7 19. Ne4 f5 20. Nc5 Bc6 21. Qg3 Qf6 22. Qe5 Kf7 23. d7 Nxd7 24. Nxd7 Bxd7 25. Qg3 Bc6 26. Bc1 Rac8 27. b3 f4 28. Qh3 Kg8 29. Qg4 Rc7 30. Ba3 Rd7 31. h4 Rf7 32. Be4 Rd8 33. Bf3 Bd7 34. Qg5 Qxg5 35. hxg5 Rf5 36. Bg4 Rxg5 37. Be7 Nxe7 38. Rxd7 Rxd7 39. Bxe6+ Kf8 40. Bxd7 Rd5 41. Be6 Rd2 42. a4 Nc6 43. Bc8 Nd8 44. Re4 g5 45. Rb4 b5 46. Bxa6 bxa4 47. bxa4 Nc6 48. Rb7 Ne5 49. Rxh7 Rd1+ 50. Bf1 Ra1 51. Rc7 Rxa4 52. Rc5 Re4 53. f3 Re3 54. Kf2 Ke7 55. Be2 Kd6 56. Rc8 Ra3 57. Rd8+ Ke7 58. Rd4 Ra2 59. Re4 Kf6 60. Kf1 Kf5 61. g4+ fxg3 62. Kg2 g4 63. Kxg3 gxf3 64. Rf4+ 1/2-1/2

[Event "Natal op"]
[Site "Natal"]
[Date "2009.05.03"]
[Round "6.9"]
[White "Bonifacio, Lucas Isaac Galdino"]
[Black "Da Costa, Jose Artanael Campo"]
[Result "1/2-1/2"]
[WhiteElo "1851"]
[BlackElo "2051"]
[PlyCount "39"]
[EventDate "2009.05.01"]
[EventType "swiss"]
[EventRounds "6"]
[EventCountry "BRA"]
[SourceTitle "EXT 2022"]
[Source "ChessBase"]
[SourceDate "2021.10.06"]
[SourceVersion "1"]
[SourceVersionDate "2021.10.06"]
[SourceQuality "1"]

1. e4 e5 2. Nf3 Nc6 3. Bb5 d6 4. c3 a6 5. Ba4 b5 6. Bc2 Bg4 7. 0-0 Be7 8. d3 h6 9. h3 Bh5 10. Be3 Bg5 11. Nbd2 Nge7 12. Re1 Qd7 13. Nf1 Bf4 14. Ng3 Bg6 15. Bxf4 exf4 16. Ne2 0-0 17. Nxf4 Bh7 18. d4 Rfe8 19. a4 Rab8 20. Qe2 1/2-1/2

[Event "Natal op"]
[Site "Natal"]
[Date "2009.05.01"]
[Round "3.2"]
[White "Bonifacio, Lucas Isaac Galdino"]
[Black "Silveira Filho, Neri da Silva"]
[Result "0-1"]
[WhiteElo "1851"]
[BlackElo "2264"]
[PlyCount "92"]
[EventDate "2009.05.01"]
[EventType "swiss"]
[EventRounds "6"]
[EventCountry "BRA"]
[SourceTitle "EXT 2022"]
[Source "ChessBase"]
[SourceDate "2021.10.06"]
[SourceVersion "1"]
[SourceVersionDate "2021.10.06"]
[SourceQuality "1"]

1. c4 c5 2. Nf3 Nc6 3. Nc3 g6 4. d4 cxd4 5. Nxd4 Bg7 6. Nc2 f5 7. e3 Nf6 8. Be2 0-0 9. 0-0 b6 10. Bf3 Ba6 11. Na3 Rc8 12. Rb1 Ne5 13. b3 Nxf3+ 14. Qxf3 Rb8 15. Bb2 Bb7 16. Qe2 a6 17. Rfd1 e6 18. Nc2 Ng4 19. h3 Ne5 20. Nd4 Qh4 21. f4 Nf7 22. Nf3 Qe7 23. Na4 d6 24. Bxg7 Kxg7 25. Rb2 b5 26. cxb5 axb5 27. Nc3 Qf6 28. Nb1 Be4 29. Rbd2 b4 30. Rd4 Rfc8 31. Nbd2 Rc2 32. Nxe4 Rxe2 33. Nxf6 Kxf6 34. R1d2 Rxe3 35. Rc2 Re4 36. Rcc4 Re2 37. Nd2 Re1+ 38. Kf2 Ra1 39. Rxb4 Rxb4 40. Rxb4 Rxa2 41. Ke3 e5 42. g4 e4 43. g5+ Ke6 44. Rb8 d5 45. Rb6+ Nd6 46. Rb8 d4+ 0-1

[Event "Natal Verao"]
[Site "Natal"]
[Date "2009.02.06"]
[Round "6.12"]
[White "Bonifacio, Lucas Isaac Galdino"]
[Black "Palomino, Alexandre Cardoso D"]
[Result "1-0"]
[WhiteElo "1851"]
[BlackElo "1887"]
[PlyCount "63"]
[EventDate "2009.02.06"]
[EventType "swiss"]
[EventRounds "6"]
[EventCountry "BRA"]
[SourceTitle "EXT 2022"]
[Source "ChessBase"]
[SourceDate "2021.10.06"]
[SourceVersion "1"]
[SourceVersionDate "2021.10.06"]
[SourceQuality "1"]

1. Nf3 c5 2. c4 Nc6 3. d4 cxd4 4. Nxd4 g6 5. e4 Bg7 6. Be3 Nf6 7. Nc3 d6 8. Rc1 0-0 9. Be2 Bd7 10. f3 Rc8 11. 0-0 Ne5 12. b3 h6 13. Qd2 Kh7 14. Nd5 Ng8 15. a4 e6 16. Nf4 Nxc4 17. Bxc4 e5 18. Nfe6 fxe6 19. Nxe6 Bxe6 20. Bxe6 Rxc1 21. Rxc1 Qe7 22. Bxg8+ Rxg8 23. Bxa7 b5 24. Bb6 bxa4 25. bxa4 h5 26. Rc7 Qh4 27. Bf2 Qd8 28. Rc6 Bf8 29. a5 Rg7 30. a6 Rd7 31. Qd5 Rc7 32. Bb6 1-0